Los monstruos en Colombia sí existen asesinos en serie (Registro nro. 180906)

Detalles MARC
000 -ENCABEZADO
Número de control [NR] 00817nam a22002297a 4500
005 - FECHA Y HORA DE LA ÚLTIMA TRANSACCIÓN
control field 20140903174928.0
008 - DE LONGITUD FIJA DE DATOS DE ELEMENTOS - INFORMACIÓN GENERAL
Elementos de longitud fija [NR] 131004s2013 ck frn 00010dspa
020 ## - NUMERO INTERNACIONAL NORMALIZADO PARA LIBROS [R]
Número Internacional Normalizado del libro [NR] 9789588789408
040 ## - FUENTE DE CATALOGACION [NR]
Agencia de catalogación original [NR] CO-BoUCM
Idioma de catalogación [NR] spa
Quien Cataloga
Quien Clasifica Aldemar Mondragón
041 00 - CODIGO DE IDIOMA [R]
Código de idioma para texto/pista de sonido o título separado [R] Español
100 1# - ASIENTO PRINCIPAL--NOMBRE PERSONAL [NR]
Nombre personal [NR] Cruz Niño, Esteban
ID Autoridad 47430
245 14 - MENCION DE TITULO [NR]
Título [NR] Los monstruos en Colombia sí existen asesinos en serie
Mención de responsabilidad, etc. [NR] Esteban Cruz Niño
260 ## - PUBLICACION, DISTRIBUCION, ETC. (PIE DE IMPRENTA) [R]
Lugar de publicación, distribución, etc. [R] Bogotá
Nombre del editor, distribuidor, etc. [R] Grijalbo
Fecha de publicación, distribución, etc. [R] 2013
300 ## - DESCRIPCION FISICA [R]
Extensión [R] 264 páginas
504 ## - NOTA DE BIBLIOGRAFIA, ETC. [R]
Nota de bibliografía, etc. [NR] Incluye referencias bibliográficas
650 #4 - ASIENTO SECUNDARIO DE MATERIA - TERMINO TEMATICO [R]
Término temático o nombre geográfico como elemento de entrada [NR] Asesinos en serie
Subdivisión general [R] Historia
Subdivisión geográfica [R] Colombia
9 (RLIN) 47431
650 #4 - ASIENTO SECUNDARIO DE MATERIA - TERMINO TEMATICO [R]
Término temático o nombre geográfico como elemento de entrada [NR] Asesinos en serie
Subdivisión geográfica [R] Colombia
Subdivisión de forma [R] Biografías
9 (RLIN) 47432
650 #4 - ASIENTO SECUNDARIO DE MATERIA - TERMINO TEMATICO [R]
Término temático o nombre geográfico como elemento de entrada [NR] Homicidio
9 (RLIN) 17002
690 ## - ASUNTO AGREGADO LOCAL DE ENTRADA - TÉRMINO TEMÁTICO (OCLC, RLIN)
9 (RLIN) 42900
Acceso temático local Problemas sociales
942 ## - ELEMENTOS DE ENTRADA AGREGADOS (KOHA)
Tema principal Ciencia política
Tipo de ítem principal el descrito en 300a Libro
Edición 1
Parte restante de la signatura top. C957m
Sistema de clasificación DEWEY
Clasificación 364.1523
Existencias
Fecha de último préstamo Total préstamos Total Renewals Signatura topográfica Código de barras Última vez visto Ejemplar Costo de reposición Price effective from Tipo de ítem Nota pública (OPAC) Perdido Sistema de clasificación Dañado No prestable Tipo de ítem específico Suprimido Ubicación habitual Ubicación actual Localización Fecha de creación Proveedor Forma de adquisición Costo
27/04/2026 14 11 364.1523 C957m 100137172 28/05/2026 Ej.2 31500.00 15/10/2013 Libro Spot Criminología e Investigación Criminal   DEWEY     Libro   Claustro Claustro 3er piso 15/10/2013 37 Compra 31500.00
27/11/2025 64 64 364.1523 C957m 100137173 13/02/2026 Ej.3 31500.00 15/10/2013 Libro Spot Criminología e Investigación Criminal   DEWEY     Libro   Claustro Claustro 3er piso 15/10/2013 37 Compra 31500.00